[Event "Krakow Malopolski-chB"]
[Site "Krakow"]
[Date "2013.05.02"]
[Round "5"]
[White "Berek, Michal"]
[Black "Szczepanski, Henryk"]
[Result "1-0"]
[WhiteElo "1566"]
[BlackElo "1706"]
[PlyCount "98"]
[EventDate "2013.04.28"]
[EventType "swiss"]
[EventRounds "9"]
[EventCountry "POL"]
[SourceTitle "CBM 154 Extra"]
[Source "ChessBase"]
[SourceDate "2013.06.25"]
[SourceVersion "2"]
[SourceVersionDate "2013.06.25"]
[SourceQuality "1"]

1. c4 e6 2. g3 Nf6 3. Nf3 c6 4. d4 d5 5. cxd5 cxd5 6. Bg2 Nc6 7. 0-0 Be7 8. Nc3 0-0 9. a3 a6 10. b4 Bd7 11. Bf4 Rc8 12. Qb3 Ne8 13. Rfd1 Nd6 14. Bxd6 Bxd6 15. e4 dxe4 16. Nxe4 Be7 17. Nc5 Bxc5 18. dxc5 Qe8 19. Ng5 h6 20. Qd3 hxg5 21. Qxd7 Qxd7 22. Rxd7 Rb8 23. Rad1 g6 24. R1d6 Rfc8 25. Bxc6 bxc6 26. Ra7 a5 27. Rxa5 Rc7 28. Ra6 Rbc8 29. Kg2 Kg7 30. Kf3 Kf6 31. Ke4 g4 32. Rb6 Ra7 33. Rbxc6 Rxc6 34. Rxc6 Rxa3 35. b5 Ra4+ 36. Kd3 Ke5 37. Rd6 Rb4 38. b6 Rb1 39. Kc4 Rb2 40. Rd7 Rxf2 41. b7 Rb2 42. c6 f5 43. Rd8 g5 44. b8Q+ Rxb8 45. Rxb8 Kd6 46. Kb5 f4 47. gxf4 gxf4 48. Kb6 f3 49. Rd8+ Ke5 1-0

[Event "Krakow op-B 23rd"]
[Site "Krakow"]
[Date "2012.12.29"]
[Round "3"]
[White "Dadello, Aleksandra"]
[Black "Berek, Michal"]
[Result "1-0"]
[WhiteElo "1883"]
[BlackElo "1570"]
[PlyCount "87"]
[EventDate "2012.12.27"]
[EventType "swiss"]
[EventRounds "9"]
[EventCountry "POL"]
[SourceTitle "CBM 152 Extra"]
[Source "ChessBase"]
[SourceDate "2013.02.25"]
[SourceVersion "1"]
[SourceVersionDate "2013.02.25"]
[SourceQuality "1"]

1. e4 c6 2. d4 d5 3. Nc3 dxe4 4. Nxe4 Nd7 5. Bd3 Ngf6 6. Ng5 e6 7. N1f3 Bd6 8. Qe2 h6 9. Ne4 Nxe4 10. Bxe4 Nf6 11. Bd3 Qc7 12. Ne5 Bd7 13. Bd2 c5 14. Nxd7 Kxd7 15. dxc5 Qxc5 16. 0-0-0 Ke7 17. f4 a6 18. a3 Rac8 19. Rhe1 Rhe8 20. Kb1 Kf8 21. Bb4 Qc7 22. Bxd6+ Qxd6 23. Bb5 Qxf4 24. Bxe8 Kxe8 25. g3 Qc7 26. Rd3 Kf8 27. b3 Nd5 28. c4 Nf6 29. Red1 b5 30. cxb5 axb5 31. Qd2 Nd5 32. Rc1 Qb7 33. Rxc8+ Qxc8 34. Qc2 Qb7 35. Qc5+ Kg8 36. Rd1 Qa8 37. Rc1 Kh7 38. Kb2 Qa6 39. Qc2+ g6 40. Qc5 Qb7 41. Qf8 Qe7 42. Qxe7 Nxe7 43. Rc7 Nd5 44. Rxf7+ 1-0

[Event "Krakow op-B 23rd"]
[Site "Krakow"]
[Date "2012.12.27"]
[Round "1"]
[White "Mirski, Michal"]
[Black "Berek, Michal"]
[Result "1-0"]
[WhiteElo "1918"]
[BlackElo "1570"]
[PlyCount "35"]
[EventDate "2012.12.27"]
[EventType "swiss"]
[EventRounds "9"]
[EventCountry "POL"]
[SourceTitle "CBM 152 Extra"]
[Source "ChessBase"]
[SourceDate "2013.02.25"]
[SourceVersion "1"]
[SourceVersionDate "2013.02.25"]
[SourceQuality "1"]

1. e4 d6 2. d4 g6 3. Nc3 Nf6 4. f4 Bg4 5. Nf3 e5 6. dxe5 dxe5 7. Qxd8+ Kxd8 8. Nxe5 Be6 9. f5 Nbd7 10. Nxd7 Bxd7 11. Bg5 Be7 12. 0-0-0 Ke8 13. Bc4 Rd8 14. Rhf1 gxf5 15. exf5 c6 16. Rde1 Kf8 17. Bh6+ Ke8 18. Bg7 1-0